000 00448nam a2200169Ia 4500
001 2178
003 IN-NITTTR
005 20251114232926.0
008 251113s9999||||xx |||||||||||||| ||eng||
040 _beng
040 _cIN-NITTTR
041 _aeng
082 _a621.436 S M
100 _aSmith, Donald H.
245 4 _aThe modern diesel :
_b automotive oil engines for transport, marine and industrial use /
_cSmith, Donald H.
942 _2ddc
_cBK
999 _c3252
_d3252